<?xml version="1.0" encoding="UTF-8"?>
<record
    xmlns:xsi="http://www.w3.org/2001/XMLSchema-instance"
    xsi:schemaLocation="http://www.loc.gov/MARC21/slim http://www.loc.gov/standards/marcxml/schema/MARC21slim.xsd"
    xmlns="http://www.loc.gov/MARC21/slim">

  <leader>00190nam a2200085   4500</leader>
  <controlfield tag="001">1245109</controlfield>
  <controlfield tag="005">20251027103053.0</controlfield>
  <datafield tag="245" ind1=" " ind2=" ">
    <subfield code="a">KORSANLARIN SEY&#x130;R DEFTER&#x130;</subfield>
    <subfield code="c">&#x15E;EN&#x130;Z BA&#x15E;</subfield>
  </datafield>
  <datafield tag="260" ind1=" " ind2=" ">
    <subfield code="b">T&#x130;MA&#x15E;</subfield>
  </datafield>
  <datafield tag="999" ind1=" " ind2=" ">
    <subfield code="c">1245109</subfield>
    <subfield code="d">1245109</subfield>
  </datafield>
  <datafield tag="952" ind1=" " ind2=" ">
    <subfield code="0">0</subfield>
    <subfield code="1">0</subfield>
    <subfield code="2">ddc</subfield>
    <subfield code="4">0</subfield>
    <subfield code="7">0</subfield>
    <subfield code="a">1061</subfield>
    <subfield code="b">1061</subfield>
    <subfield code="d">2025-10-27</subfield>
    <subfield code="l">1</subfield>
    <subfield code="o">R 4</subfield>
    <subfield code="p">1061286128</subfield>
    <subfield code="r">2025-10-28 09:29:35</subfield>
    <subfield code="s">2025-10-27</subfield>
    <subfield code="w">2025-10-27</subfield>
    <subfield code="y">BK</subfield>
  </datafield>
</record>
